Žiarovky si už svoje odslúžili Príloha

Vývoj novej generácie svetlených zdrojov. Náhrada bežne používanej žiarovky kompaktnou. Aspekt ekológie pri výrobe svietidiel. Porovnanie spotreby žiarivky a žiarovky pri rovnakej svietivosti. Prednosti trojpásmovej žiarivky TL 5.

Gespeichert in:
Bibliographische Detailangaben
1. Verfasser: Luptáková, O.
Format: Buchkapitel
Sprache:Slowakisch
Schlagworte:
Tags: Tag hinzufügen
Keine Tags, Fügen Sie das erste Tag hinzu!

MARC

LEADER 00000naa a2200000 4500
001 r023539
005 20251104123849.5
041 0 |a slo 
044 |a SK 
245 1 0 |a Žiarovky si už svoje odslúžili  |b Príloha  |c O. Luptáková 
520 |a Vývoj novej generácie svetlených zdrojov. Náhrada bežne používanej žiarovky kompaktnou. Aspekt ekológie pri výrobe svietidiel. Porovnanie spotreby žiarivky a žiarovky pri rovnakej svietivosti. Prednosti trojpásmovej žiarivky TL 5. 
610 2 0 |a elektrotechnika 
610 2 0 |a tovar priemyselný 
610 2 0 |a inovácia 
610 2 0 |a ekologizácia 
100 1 |a Luptáková, O.